logo

Bir Sreshtho Munshi Abdur Rouf Library
Jhenaidah Cadet College

Simplified technical drawing / (Record no. 8145)

MARC details
000 -LEADER
fixed length control field 00527nam a2200205 4500
001 - CONTROL NUMBER
JCCL Control Number 8145
003 - CONTROL NUMBER IDENTIFIER
JCCL marc code BD - JhCC
005 - DATE AND TIME OF LATEST TRANSACTION
control field 20180709120121.0
008 - FIXED-LENGTH DATA ELEMENTS--GENERAL INFORMATION
fixed length control field 741222s1965 xxk 000 0 eng d
035 ## - SYSTEM CONTROL NUMBER
system control number (BD - JhCC)8145
040 ## - CATALOGING SOURCE
Original cataloging agency UKM
Transcribing agency UKM
Modifying agency EQO
-- BD - JhCC
041 ## - LANGUAGE CODE
Language code of Book eng
082 04 - DEWEY DECIMAL CLASSIFICATION NUMBER
Classification number 604.2
DDC Edition number 18
Author mark and Year FRE 1965
100 1# - MAIN ENTRY--PERSONAL NAME
Personal name Freebury, Hubert Allen H. J
245 10 - TITLE STATEMENT
Title Simplified technical drawing /
Statement of responsibility, etc Hubert Allen Freebury,
260 ## - PUBLICATION, DISTRIBUTION, ETC. (IMPRINT)
Name of publisher, distributor, etc Dent,
Date of publication, distribution, etc 1965.
300 ## - PHYSICAL DESCRIPTION
Pagination 64 p. ;
Dimensions 23 cm.
942 ## - ADDED ENTRY ELEMENTS (KOHA)
Source of classification or shelving scheme Dewey Decimal Classification
Koha item type Books
Holdings
Source of classification or shelving scheme Damaged status Not for loan Home library Current library Shelving location Total Checkouts Full call number Barcode Date last seen Copy number Koha item type
Dewey Decimal Classification     JCC Rouf Library JCC Rouf Library General Stacks   604.2 FRE 1965 10667 02/19/2018 C - 1 Books

JCC Library | Contacts | JCC Home

Last Update on 23 September 2017
Copyright @ 2017-2020 JCC Rouf Library
Rouf Library, Jhenidah Cadet College (JCC), Bangladesh